International human resource management : (Record no. 8791)

MARC details
000 -LEADER
fixed length control field 00812nam a22002292 4500
001 - CONTROL NUMBER
control field 0000019052
005 - DATE AND TIME OF LATEST TRANSACTION
control field 20151217152144.0
008 - FIXED-LENGTH DATA ELEMENTS--GENERAL INFORMATION
fixed length control field 100902s xx 000 0 eng d
020 ## - INTERNATIONAL STANDARD BOOK NUMBER
International Standard Book Number 0273651773 :
040 ## - CATALOGING SOURCE
Original cataloging agency KABU
Transcribing agency KABU
100 1# - MAIN ENTRY--PERSONAL NAME
Personal name Edwards, Tony.
-- 0000178627
245 10 - TITLE STATEMENT
Title International human resource management :
Remainder of title globalization, national systems and multinational companies /
Statement of responsibility, etc. Tony Edwards and Chris Rees.
250 ## - EDITION STATEMENT
Edition statement 1st ed.
260 ## - PUBLICATION, DISTRIBUTION, ETC. (IMPRINT)
Place of publication, distribution, etc. Harlow, England :
Name of publisher, distributor, etc. Prentice Hall,
Date of publication, distribution, etc. 2006.
300 ## - PHYSICAL DESCRIPTION
Extent xx, 310 p.
650 #0 - SUBJECT ADDED ENTRY--TOPICAL TERM
Topical term or geographic name as entry element International business enterprises
General subdivision Personnel management.
-- 0000178628
650 #0 - SUBJECT ADDED ENTRY--TOPICAL TERM
Topical term or geographic name as entry element Personnel management.
-- 0000150761
700 1# - ADDED ENTRY--PERSONAL NAME
Personal name Rees, Chris.
-- 0000178629
852 1# - LOCATION
-- p2760 KES
908 ## - PUT COMMAND PARAMETER (RLIN)
Put command parameter 100902
950 ## - LOCAL HOLDINGS (RLIN)
-- 1
Holdings
Withdrawn status Lost status Source of classification or shelving scheme Not for loan Home library Current library Date acquired Total Checkouts Full call number Barcode Date last seen Price effective from Koha item type
    Library of Congress Classification   Kabarak, Main Campus Kabarak, Main Campus 17/12/2015   HF5549.5 .E45E39 2006 c. 1 24185 02/08/2024 17/12/2015 General Collection
Designed with assistance from East African Informatics Ltd